!Archívese! : (Record no. 30202)

MARC details
000 -LEADER
campo de control de longitud fija 01389cam a2200385 a 4500
001 - NÚMERO DE CONTROL
campo de control 45892
005 - FECHA Y HORA DE LA ÚLTIMA TRANSACCIÓN
campo de control 20230410104016.0
008 - DATOS DE LONGITUD FIJA--INFORMACIÓN GENERAL
campo de control de longitud fija 990630s1999 sp b 000 0 spa
010 ## - NÚMERO DE CONTROL DE LA BIBLIOTECA DEL CONGRESO
Número de control de LC 99222214
035 ## - NÚMERO DE CONTROL DEL SISTEMA
Número de control de sistema (OCoLC)ocm41944926
040 ## - FUENTE DE CATALOGACIÓN
Centro catalogador/agencia de origen DLC
Centro/agencia transcriptor DLC
Centro/agencia modificador PL#
-- OCL
-- BAKER
-- YDXCP
019 ## -
-- 41051940
020 ## - NÚMERO INTERNACIONAL ESTÁNDAR DEL LIBRO
Número Internacional Estándar del Libro 8420639672
020 ## - NÚMERO INTERNACIONAL ESTÁNDAR DEL LIBRO
Número Internacional Estándar del Libro 9788420639673
035 ## - NÚMERO DE CONTROL DEL SISTEMA
Número de control de sistema (OCoLC)41944926
Número de control cancelado/no válido (OCoLC)41051940
050 14 - SIGNATURA TOPOGRÁFICA DE LA BIBLIOTECA DEL CONGRESO
Número de clasificación CD 986.5
Número de ítem A329a 1999
100 1# - ENTRADA PRINCIPAL--NOMBRE DE PERSONA
Nombre de persona Alberch i Fugueras, Ramon,
Fechas asociadas al nombre 1951-
245 10 - MENCIÓN DEL TÍTULO
Título !Archívese! :
Resto del título los documentos del poder, el poder de los documentos /
Mención de responsabilidad, etc. Ramón Alberch Fugueras, José Ramón Cruz Mundet.
260 ## - PUBLICACIÓN, DISTRIBUCIÓN, ETC.
Lugar de publicación, distribución, etc. Madrid :
Nombre del editor, distribuidor, etc. Alianza Editorial,
Fecha de publicación, distribución, etc. c1999.
300 ## - DESCRIPCIÓN FÍSICA
Extensión 203 p. ;
Dimensiones 18 cm.
440 #3 - MENCIÓN DE SERIE/PUNTO DE ACCESO ADICIONAL--TÍTULO
Título El libro de bolsillo.
Nombre de parte o sección de la obra Ciencias sociales.
-- Comunicación ;
Designación de volumen o secuencia CS 3950
504 ## - NOTA DE BIBLIOGRAFÍA, ETC.
Nota de bibliografía, etc. Includes bibliographical references (p. 198-202).
650 #0 - PUNTO DE ACCESO ADICIONAL DE MATERIA--TÉRMINO DE MATERIA
Término de materia o nombre geográfico como elemento de entrada Archives
Subdivisión general Access control.
650 #0 - PUNTO DE ACCESO ADICIONAL DE MATERIA--TÉRMINO DE MATERIA
Término de materia o nombre geográfico como elemento de entrada Archives
Subdivisión general Security measures.
650 #0 - PUNTO DE ACCESO ADICIONAL DE MATERIA--TÉRMINO DE MATERIA
Término de materia o nombre geográfico como elemento de entrada Official secrets.
650 #0 - PUNTO DE ACCESO ADICIONAL DE MATERIA--TÉRMINO DE MATERIA
Término de materia o nombre geográfico como elemento de entrada Government information
Subdivisión general Access control.
653 ## - TÉRMINO DE INDIZACIÓN--NO CONTROLADO
Término no controlado Secretos de Estado
-- España.
700 1# - ENTRADA AGREGADA--NOMBRE PERSONAL
Nombre de persona Cruz Mundet, José Ramón.
938 ## -
-- Puvill Libros
-- PUVL
-- 8420639672
-- $5.75
938 ## -
-- Baker & Taylor
-- BKTY
-- 13.95
-- 13.95
-- 8420639672
-- 0006563007
-- active
938 ## -
-- YBP Library Services
-- YANK
-- 2647904
942 ## - ELEMENTOS DE ENTRADA SECUNDARIOS (KOHA)
Fuente del sistema de clasificación o colocación Clasificación de Library of Congress
Tipo de ítem Koha
946 ## - PROCESAMIENTO DE INFORMACIÓN LOCAL (OCLC)
a mfcruz
994 ## -
-- C0
-- DRFGD
Holdings
Estatus retirado Estado de pérdida Fuente del sistema de clasificación o colocación Estado de daño No para préstamo Colección Biblioteca de origen Biblioteca actual Ubicación en estantería Fecha de adquisición Serial enumeration / chronology Signatura topográfica completa Código de barras Visto por última vez Copia número Tipo de ítem Koha
    Clasificación de Library of Congress     Recursos Regionales Biblioteca Juan Bosch Biblioteca Juan Bosch Recursos Regionales (2do. Piso) 10/04/2023 1 CD 986.5 A329a 1999 00000046899 23/10/2018 1